00322nam a2200133Ia 4500008004100000041000800041082001500049100001600064245002500080250000900105260002500114300002000139520002900159240719s9999 xx 000 0 und d aeng a658.15 PAN aPandey, I M aFinancial Management a12th aNoidabPearsonc2021 a1030;. P. 24 Cm aGifted By : IMT Faculty